000 00596cam a22002411 4500
001 sa 68006212
003 DLC
005 20260227112514.0
008 900122s1967 ii 000 0 hino
010 _asa 68006212
035 _a(OCoLC)20941225
040 _aDLC
_cWaU
_dDLC
042 _apremarc
043 _aa-ii---
050 0 0 _aDS423
_b.P75
100 1 _aPrakash, Buddha,
_d1924-
245 1 0 _aBhāratīya dharma evaṃ saṃskr̥ti.
260 _c[1967]
300 _aiii, 281 p.
_c22 cm.
500 _aIn Hindi.
651 0 _aIndia
_xCivilization.
651 0 _aIndia
_xReligion.
999 _c81175
_d81175